| 000 | 00651nam a22002770a 4500 | ||
|---|---|---|---|
| 001 | PT42226 | ||
| 003 | AR-LpoUNG | ||
| 005 | 20230208142424.0 | ||
| 008 | 201001s2011||||ag |||||||||||||||||spa d | ||
| 020 |
_a9789870711582 _c$2.40 |
||
| 040 |
_aAR-LpoUNG _bspa _eaacr |
||
| 041 | _aspa | ||
| 044 | _aag | ||
| 082 | 0 | _aA863 221juv | |
| 100 | 1 | _aCané, Miguel | |
| 245 | 1 | 0 | _aJuvenilia |
| 250 | _a1ra. ed. | ||
| 260 |
_aBuenos Aires : _bClarín, _c2011. |
||
| 300 |
_a145 p. : _bil. _3Impreso |
||
| 490 | 0 |
_aRobin Hood ; _vv.7 |
|
| 650 | 4 | _aARGENTINA | |
| 650 | 4 | _aLITERATURA | |
| 651 | 4 | _aArgentina | |
| 905 | _a42226 | ||
| 942 |
_cLIB _2ddc |
||
| 999 |
_c50914 _d50914 |
||